| 000 | 00679nam a2200217Ia 4500 | ||
|---|---|---|---|
| 003 | GCL | ||
| 008 | 140319s9999 xx 000 0 ara d | ||
| 040 |
_aGCL / _cGCL |
||
| 082 | 0 | 4 |
_a953.07391 _bهـ ك |
| 100 | 1 | _aهشام جعيط | |
| 245 | 1 | 0 |
_aالكوفة: نشاة المدينة العربية الاسلامية / _cهشام جعيط |
| 260 |
_a[S.N] : _bمؤسسة الكويت للتقدم العلمى ، _c1986 |
||
| 300 | _a453 ص | ||
| 490 | _a | ||
| 650 | 0 | 4 | _aالعراق |
| 650 | 0 | 4 | _aالتاريخ الاسلامى |
| 650 | 0 | 4 | _aالحضارة الاسلامية |
| 650 | 0 | 4 | _aالكوفة |
| 650 | 0 | 4 | _aالمدن العربية |
| 942 |
_2ddc _cBK |
||
| 999 |
_c35998 _d35998 |
||